LEADER 00849nas a2200229 i 4500 001 000000240289 003 CaOOAMICUS 005 20150326000000.0 008 150326b1859 xx uu u0 0lat r 013 $a219194 040 $aSeMil$bita 245 10$a1859. 260 $aMilano :$bAgnelli Jacobus Impress. Archiep.,$c1859. 300 $a46 p. ;$c21 cm. 500 $aFondo card. C. M. Martini. 773 0 $tCalendarium Ambrosianum.$dMediolani : Typis Galeatium & filios impressores archiepiscopales, 1800-1969.$w()2075 850 $aSeMil 852 $aSeMil$W1$xVenegono$y1$m203 4 1/60$j190635$B190635$CSeMilBibl$Z2$F201484 $85 941 1 $a4 961 $aLascito: Martini Card. Carlo Maria 996 $6245$a1859$9(OLS)http://semarc/title/341857 996 $6260$aMilano :$bAgnelli Jacobus Impress. Archiep.$9(OLS)http://semarc/publisher/44629 LEADER 01063nam a2200265 i 4500 001 000000123379 003 CaOOAMICUS 005 20231013142827.0 008 081030s1981 it u000 u ita u 040 $aSeMil$bita 100 1 $aGraves, Robert <1895-1985>.$0(OLS)http://semarc/name/27864 240 10$aGreek myths.$0(OLS)http://semarc/title/181468 245 12$aI miti greci /$cdi Robert Graves ; Presentazione di Umberto Albini. 250 $a2. ed. 260 $aMilano :$bLonganesi & C.,$c1981. 300 $aIX, 722 p. ;$c23 cm. 490 0 $aBiblioteca ;$v15 650 4$aMitologia greca.$0(OLS)http://semarc/subject/2512 700 1 $aAlbini, Umberto,$d<1923- >.$0(OLS)http://semarc/name/29791 830 0$aBiblioteca ;$v15.$0(OLS)http://semarc/title/7577 850 $aSeMil 852 $aSeMil$W1$xVenegono$y1$m1X II 172$j237838$B78113$CSeMilBibl$Z2$F80322 $81 996 $6245$aI miti greci$9(OLS)http://semarc/title/181467 996 $6260$aMilano :$bLonganesi & C.$9(OLS)http://semarc/publisher/31590